000 00370nam a2200145Ia 4500
008 230411s9999 xx 000 0 und d
020 _a81-86361-31-6
041 _aeng
082 _aB/612.015/INA/B01119
100 _aInamdar Madhuri
245 _aChemistry for Nurses
260 _bVora Medical Publications
_aMumbai
_c2002
300 _a106p
999 _c152518
_d152518